Ecotourism/ (Record no. 3646)

MARC details
000 -LEADER
fixed length control field 00639nam a22002057a 4500
003 - CONTROL NUMBER IDENTIFIER
control field OSt
005 - DATE AND TIME OF LATEST TRANSACTION
control field 20250714031827.0
008 - FIXED-LENGTH DATA ELEMENTS--GENERAL INFORMATION
fixed length control field 250714b |||||||| |||| 00| 0 eng d
020 ## - INTERNATIONAL STANDARD BOOK NUMBER
International Standard Book Number 9789712386503
040 ## - CATALOGING SOURCE
Original cataloging agency DWCL - Main lib
Transcribing agency OC
082 ## - DEWEY DECIMAL CLASSIFICATION NUMBER
Classification number Fil. 338.4 C955e 2017
100 ## - MAIN ENTRY--PERSONAL NAME
Personal name Cruz, Reil G.
245 ## - TITLE STATEMENT
Title Ecotourism/
Statement of responsibility, etc. Reil G. Cruz
250 ## - EDITION STATEMENT
Edition statement First edition.
260 ## - PUBLICATION, DISTRIBUTION, ETC.
Place of publication, distribution, etc. Manila, Philippines :
Name of publisher, distributor, etc. Rex Book Store,
Date of publication, distribution, etc. c2017.
300 ## - PHYSICAL DESCRIPTION
Extent x, 172 pages :
Other physical details illustrations ;
Dimensions 25 cm.
504 ## - BIBLIOGRAPHY, ETC. NOTE
Bibliography, etc. note Includes bibliographical references and index.
650 ## - SUBJECT ADDED ENTRY--TOPICAL TERM
Topical term or geographic name entry element 1. Ecotourism.
942 ## - ADDED ENTRY ELEMENTS (KOHA)
Source of classification or shelving scheme Dewey Decimal Classification
Koha item type Book-Filipiniana
Edition First edition.
Call number prefix Fil.
Suppress in OPAC No
952 ## - LOCATION AND ITEM INFORMATION (KOHA)
--
952 ## - LOCATION AND ITEM INFORMATION (KOHA)
--
952 ## - LOCATION AND ITEM INFORMATION (KOHA)
--
952 ## - LOCATION AND ITEM INFORMATION (KOHA)
--
952 ## - LOCATION AND ITEM INFORMATION (KOHA)
--
Holdings
Withdrawn status Lost status Source of classification or shelving scheme Damaged status Not for loan Home library Current library Shelving location Date acquired Source of acquisition Cost, normal purchase price Total Checkouts Full call number Barcode Date last seen Copy number Price effective from Koha item type Uniform Resource Identifier
    Dewey Decimal Classification     College Library College Library Filipiniana 07/10/2017 School Fund 240.00   Fil. 338.4 C955e 2017 51584 07/14/2025 c5 07/14/2025 BK - FIL
    Dewey Decimal Classification     College Library College Library Filipiniana 07/10/2017 School Fund 240.00   Fil. 338.4 C955e 2017 51583 07/14/2025 c4 07/14/2025 BK - FIL
    Dewey Decimal Classification     College Library College Library Filipiniana 07/10/2017 School Fund 240.00   Fil. 338.4 C955e 2017 51582 07/14/2025 c3 07/14/2025 BK - FIL
    Dewey Decimal Classification     College Library College Library Filipiniana 07/10/2017 School Fund 240.00   Fil. 338.4 C955e 2017 51581 07/14/2025 c2 07/14/2025 BK - FIL
    Dewey Decimal Classification     College Library College Library Filipiniana 07/10/2017 School Fund 240.00   Fil. 338.4 C955e 2017 51580 07/14/2025 c1 07/14/2025 BK - FIL